000
00221nam a2200097Ia 4500
008
220204s9999 xx 000 0 und d
082
_a
327(267)
_b
KAP
245
0
_a
Indian ocean
260
_a
USA
_b
Praeger
_c
1983
942
_c
BK
999
_c
38360
_d
38360